[Event "Humenne Reinter op"]
[Site "Humenne"]
[Date "2015.??.??"]
[Round "6"]
[White "Michel, Norbert"]
[Black "Minda, Bohus"]
[Result "1-0"]
[WhiteElo "1874"]
[BlackElo "1759"]
[PlyCount "67"]
[EventDate "2015.06.12"]
[EventType "swiss"]
[EventRounds "7"]
[EventCountry "SVK"]
[SourceTitle "CBM 167 Extra"]
[Source "ChessBase"]
[SourceDate "2015.09.14"]
[SourceVersion "1"]
[SourceVersionDate "2015.09.14"]
[SourceQuality "1"]

1. e4 d5 2. exd5 Nf6 3. d4 Nxd5 4. Nf3 Nc6 5. c4 Nf6 6. d5 Nb8 7. Bd3 e6 8. dxe6 Bxe6 9. 0-0 h6 10. b3 Nc6 11. Bb2 Bc5 12. Re1 0-0 13. Nc3 Bg4 14. h3 Bh5 15. Be2 Re8 16. a3 a6 17. Na4 Be7 18. Ne5 Nxe5 19. Bxe5 Bxe2 20. Qxe2 Bd6 21. Qb2 Bxe5 22. Rxe5 Qd6 23. Rae1 Kf8 24. Nc5 b6 25. Rxe8+ Rxe8 26. Rxe8+ Kxe8 27. Nxa6 c5 28. Qe2+ Kd7 29. Qf3 Ke6 30. b4 cxb4 31. axb4 Qe5 32. Qc6+ Qd6 33. Nc7+ Ke5 34. f4+ 1-0

[Event "Humenne Reinter op"]
[Site "Humenne"]
[Date "2015.??.??"]
[Round "7"]
[White "Minda, Bohus"]
[Black "Kornucik, Jan"]
[Result "1-0"]
[WhiteElo "1759"]
[BlackElo "1960"]
[PlyCount "81"]
[EventDate "2015.06.12"]
[EventType "swiss"]
[EventRounds "7"]
[EventCountry "SVK"]
[SourceTitle "CBM 167 Extra"]
[Source "ChessBase"]
[SourceDate "2015.09.14"]
[SourceVersion "1"]
[SourceVersionDate "2015.09.14"]
[SourceQuality "1"]

1. e4 d6 2. d4 Nf6 3. Nc3 g6 4. f4 e6 5. e5 Nd5 6. Ne4 f5 7. exf6 Nxf6 8. Bd3 Nc6 9. c3 Bg7 10. Be3 Nd5 11. Qe2 Nxe3 12. Qxe3 Qh4+ 13. g3 Qh5 14. Ng5 0-0 15. Be2 Qh6 16. Nxe6 Re8 17. d5 Bd7 18. 0-0-0 Ne7 19. Bc4 b5 20. Bb3 Nf5 21. Qf3 Bxe6 22. dxe6 c5 23. Bd5 Rac8 24. Bc6 Rxe6 25. Bd5 g5 26. g4 Ne7 27. f5 Nxf5 28. Qxf5 Rce8 29. Re1 Be5 30. Nf3 Kh8 31. Bxe6 Rxe6 32. Nxe5 dxe5 33. Rxe5 Rf6 34. Re8+ Kg7 35. Qe5 Qh3 36. Qxg5+ Rg6 37. Re7+ Kf8 38. Qxc5 Qh6+ 39. Re3+ Kf7 40. Rf1+ Rf6 41. Qe7+ 1-0

[Event "SVK-chT1E 1213"]
[Site "Slovakia"]
[Date "2013.03.23"]
[Round "10.2"]
[White "Adamciak, Tomas"]
[Black "Minda, Bohus"]
[Result "0-1"]
[WhiteElo "1805"]
[BlackElo "1792"]
[PlyCount "36"]
[EventDate "2012.10.20"]
[EventType "team-tourn"]
[EventRounds "11"]
[EventCountry "SVK"]
[SourceTitle "EXT 2015"]
[Source "ChessBase"]
[SourceDate "2014.11.20"]
[SourceVersion "1"]
[SourceVersionDate "2014.11.20"]
[SourceQuality "1"]
[WhiteTeam "Liptov Chess School"]
[BlackTeam "Michalovce Zemplin"]
[WhiteTeamCountry "SVK"]
[BlackTeamCountry "SVK"]

1. e4 d5 2. exd5 Nf6 3. d4 Nxd5 4. c4 Nb4 5. Qa4+ N8c6 6. a3 Na6 7. d5 Nc5 8. Qb5 e5 9. dxc6 b6 10. Ke2 a5 11. b4 Ba6 12. bxc5 Bxb5 13. cxb5 Bxc5 14. Bb2 Qh4 15. Nh3 Qe4+ 16. Kd1 Rd8+ 17. Nd2 Qd5 18. Bc3 Qb3+ 0-1